Loading...
Janeway's Immuno Biology
| Main Author: | |
|---|---|
| Other Authors: | , |
| Format: | Printed Book |
| Published: |
New York
Garland science
2008
|
| Edition: | 7 |
| LEADER | 00501nam a22001697a 4500 | ||
|---|---|---|---|
| 020 | |a 9780815342908 | ||
| 082 | |a 616.079 |b KEN/JA | ||
| 100 | |a Kenneth Murphy | ||
| 245 | |a Janeway's Immuno Biology | ||
| 250 | |a 7 | ||
| 260 | |a New York |b Garland science |c 2008 | ||
| 300 | |a 887p. | ||
| 700 | |a Paul Travers | ||
| 700 | |a Mark Walport | ||
| 942 | |c BK | ||
| 999 | |c 6303 |d 6303 | ||
| 952 | |0 0 |1 0 |4 0 |6 616_079000000000000_KEN_JA |7 0 |8 NFIC |9 7900 |a KUFOS |b KUFOS |c GEN |d 2016-06-14 |o 616.079 KEN/JA |p 13216 |r 2016-06-14 |w 2016-06-14 |y BK | ||